000 00249nam a2200109Ia 4500
008 190216s9999||||xx |||||||||||||| ||und||
100 _aInduchoodan M
245 0 _aThavala Angolpathi
260 _bBhasha Institute
650 _aZoology
942 _cBK
999 _c38437
_d38437